<?xml version="1.0" encoding="UTF-8"?>
<collection xmlns:xsi="http://www.w3.org/2001/XMLSchema-instance" xsi:schemaLocation="http://www.loc.gov/MARC21/slim http://www.loc.gov/standards/marcxml/schema/MARC21slim.xsd" xmlns="http://www.loc.gov/MARC21/slim">
 <record>
  <leader>00000cmm a22000004i 4500</leader>
  <controlfield tag="001">UP-99796217611254838</controlfield>
  <controlfield tag="003">Buklod</controlfield>
  <controlfield tag="005">20241014110843.0</controlfield>
  <controlfield tag="006">m    go  j        </controlfield>
  <controlfield tag="007">cr |n |||auu|a</controlfield>
  <controlfield tag="008">241014s2011    gw      o  j |      eng d</controlfield>
  <datafield tag="020" ind1=" " ind2=" ">
   <subfield code="a">9783540881223 (eBook)</subfield>
  </datafield>
  <datafield tag="035" ind1=" " ind2=" ">
   <subfield code="a">(iLib)UPD-00215705880</subfield>
  </datafield>
  <datafield tag="040" ind1=" " ind2=" ">
   <subfield code="a">DLC</subfield>
   <subfield code="b">eng</subfield>
   <subfield code="d">DMLR</subfield>
   <subfield code="e">rda</subfield>
  </datafield>
  <datafield tag="041" ind1=" " ind2=" ">
   <subfield code="a">eng</subfield>
  </datafield>
  <datafield tag="042" ind1=" " ind2=" ">
   <subfield code="a">DMLUC</subfield>
  </datafield>
  <datafield tag="084" ind1=" " ind2=" ">
   <subfield code="a">RD 93</subfield>
   <subfield code="b">H43 2011</subfield>
  </datafield>
  <datafield tag="245" ind1="0" ind2="0">
   <subfield code="a">Head, thoracic, abdominal, and vascular injuries</subfield>
   <subfield code="p">trauma surgery</subfield>
   <subfield code="h">[electronic resource]</subfield>
   <subfield code="c">Hans-Jörg Oestern, Otmar Trentz, Selman Uranues (Editors).</subfield>
  </datafield>
  <datafield tag="246" ind1="3" ind2=" ">
   <subfield code="a">Trauma surgery.</subfield>
   <subfield code="n">I.</subfield>
  </datafield>
  <datafield tag="264" ind1=" " ind2="1">
   <subfield code="a">Heidelberg, Germany</subfield>
   <subfield code="b">Springer Berlin</subfield>
   <subfield code="c">2011.</subfield>
  </datafield>
  <datafield tag="300" ind1=" " ind2=" ">
   <subfield code="a">1 online resource </subfield>
   <subfield code="b">illustrations (some color).</subfield>
  </datafield>
  <datafield tag="336" ind1=" " ind2=" ">
   <subfield code="a">text</subfield>
   <subfield code="2">rdacontent</subfield>
  </datafield>
  <datafield tag="337" ind1=" " ind2=" ">
   <subfield code="a">computer</subfield>
   <subfield code="2">rdamedia</subfield>
  </datafield>
  <datafield tag="338" ind1=" " ind2=" ">
   <subfield code="a">online resource</subfield>
   <subfield code="2">rdacarrier</subfield>
  </datafield>
  <datafield tag="490" ind1="1" ind2=" ">
   <subfield code="a">European manual of medicine.</subfield>
  </datafield>
  <datafield tag="505" ind1="0" ind2=" ">
   <subfield code="a">Traumatic Brain Injury -- Intensive Care Treatment Options of Elevated Intracranial Pressure Following Severe Traumatic Brain Injury -- Craniofacial Trauma -- Chest Trauma -- Diaphragm -- Esophageal and Gastric Injuries -- Liver -- Splenic Injuries -- Pancreas, Duodenum, Small Bowel -- Colorectal Injuries -- Abdominal Compartment Syndrome, Abdominal Decompression, and Temporary Abdominal Closure -- Trauma Laparotomy: Indications, Priorities, and Damage Control -- Laparoscopic Procedures in Trauma Care -- Traumatic Injury of the Urogenital System -- Abdominal Vascular Injuries -- Vascular Injuries of the Neck -- Vascular Injuries of the Lower Extremities -- Vascular Injuries of the Upper Extremities.</subfield>
  </datafield>
  <datafield tag="506" ind1=" " ind2=" ">
   <subfield code="a">IP-based subscription, access limited to within on-campus computer network.</subfield>
   <subfield code="c">Access via Electronic Resources of the UPD University Library Website.</subfield>
  </datafield>
  <datafield tag="520" ind1=" " ind2=" ">
   <subfield code="a">There currently is a clear tendency to an increasing number of accidental injuries in elderly people, in sport injuries and car crashes also in countries which recently joined the European Union and candidates to join the European Union. Patients expect very good functional results even after serious injuries. But in contrast to this development, Trauma Surgery as an independent field, is not yet established in all European countries. Therefore, it seems mandatory to compile a book that covers the state-of-the-art in Trauma Surgery. The book also serves to harmonise the practice of Trauma Surgery.</subfield>
  </datafield>
  <datafield tag="533" ind1=" " ind2=" ">
   <subfield code="a">Electronic reproduction.</subfield>
   <subfield code="b">New York</subfield>
   <subfield code="c">Springerlink</subfield>
   <subfield code="d">2011.</subfield>
   <subfield code="n">Available via World Wide Web through SpringerLink.</subfield>
  </datafield>
  <datafield tag="650" ind1=" " ind2="0">
   <subfield code="a">Wounds and injuries</subfield>
   <subfield code="x">Surgery.</subfield>
  </datafield>
  <datafield tag="650" ind1=" " ind2="0">
   <subfield code="a">Abdomen</subfield>
   <subfield code="x">Surgery.</subfield>
  </datafield>
  <datafield tag="650" ind1=" " ind2="0">
   <subfield code="a">Chest</subfield>
   <subfield code="x">Surgery.</subfield>
  </datafield>
  <datafield tag="650" ind1=" " ind2="0">
   <subfield code="a">Cardiovascular system</subfield>
   <subfield code="x">Surgery.</subfield>
  </datafield>
  <datafield tag="650" ind1=" " ind2="0">
   <subfield code="a">Medicine.</subfield>
  </datafield>
  <datafield tag="650" ind1=" " ind2="0">
   <subfield code="a">Head</subfield>
   <subfield code="x">Surgery.</subfield>
  </datafield>
  <datafield tag="700" ind1="1" ind2=" ">
   <subfield code="a">Oestern, H.-J</subfield>
   <subfield code="q">(Hans-Jörg)</subfield>
   <subfield code="e">editor.</subfield>
  </datafield>
  <datafield tag="700" ind1="1" ind2=" ">
   <subfield code="a">Trentz, O.</subfield>
   <subfield code="e">editor.</subfield>
  </datafield>
  <datafield tag="700" ind1="1" ind2=" ">
   <subfield code="a">Uranues, Selman.</subfield>
   <subfield code="e">editor.</subfield>
  </datafield>
  <datafield tag="856" ind1="4" ind2="0">
   <subfield code="y">Available for UP System via Springer Link.</subfield>
   <subfield code="u">https://doi.org/10.1007/978-3-540-88122-3</subfield>
  </datafield>
  <datafield tag="905" ind1=" " ind2=" ">
   <subfield code="a">FO</subfield>
  </datafield>
  <datafield tag="852" ind1="0" ind2=" ">
   <subfield code="a">UPD</subfield>
   <subfield code="b">DMLR</subfield>
   <subfield code="h">RD 93</subfield>
   <subfield code="i">H43 2011</subfield>
  </datafield>
  <datafield tag="942" ind1=" " ind2=" ">
   <subfield code="a">Electronic Resource</subfield>
  </datafield>
 </record>
</collection>
